Информационная система Поликлиника; Современные технологии принятия решений в цифровой экономике

Bibliographic Details
Parent link:Современные технологии принятия решений в цифровой экономике.— 2018.— [С. 91-93]
Main Author: Чернышёва Т. Ю. Татьяна Юрьевна
Corporate Author: Национальный исследовательский Томский политехнический университет (ТПУ) Юргинский технологический институт (филиал) (ЮТИ) Отделение цифровых технологий (ОЦТ)
Other Authors: Соколовский Д. Е.
Summary:Заглавие с титульного экрана
Увеличение объема и структурной сложности хранимых данных, расширение круга пользователей информационных систем выдвинуло требование создания удобных средств интеграции хранимых данных и управления ими.
Language:Russian
Published: 2018
Series:Проблемы управления, принятия решений и обработки информации в цифровой экономике
Subjects:
Online Access:http://earchive.tpu.ru/handle/11683/51974
Format: Electronic Book Chapter
KOHA link:https://koha.lib.tpu.ru/cgi-bin/koha/opac-detail.pl?biblionumber=628625

MARC

LEADER 00000naa2a2200000 4500
001 628625
005 20231102024339.0
035 |a (RuTPU)RU\TPU\conf\28889 
035 |a RU\TPU\conf\28875 
090 |a 628625 
100 |a 20181204d2018 k y0rusy50 ca 
101 0 |a rus 
102 |a RU 
105 |a y z 101zy 
135 |a drcn ---uucaa 
181 0 |a i  
182 0 |a b 
200 1 |a Информационная система Поликлиника  |f Т. Ю. Чернышёва, Д. Е. Соколовский 
203 |a Текст  |c электронный 
225 1 |a Проблемы управления, принятия решений и обработки информации в цифровой экономике 
230 |a 1 компьютерный файл (pdf; 252 Kb) 
300 |a Заглавие с титульного экрана 
320 |a [Библиогр.: с. 93 (5 назв.)] 
330 |a Увеличение объема и структурной сложности хранимых данных, расширение круга пользователей информационных систем выдвинуло требование создания удобных средств интеграции хранимых данных и управления ими. 
463 1 |0 (RuTPU)RU\TPU\conf\28689  |t Современные технологии принятия решений в цифровой экономике  |o сборник трудов Всероссийской научно-практической конференции студентов, аспирантов и молодых ученых, 15-17 ноября 2018 г., г. Юрга  |f Национальный исследовательский Томский политехнический университет (ТПУ), Юргинский технологический институт (ЮТИ) ; под ред. А. А. Захаровой, Е. В. Телипенко, Е. В. Молниной  |v [С. 91-93]  |d 2018 
610 1 |a труды учёных ТПУ 
610 1 |a электронный ресурс 
610 1 |a информационные системы 
610 1 |a поликлиники 
610 1 |a хранение 
610 1 |a данные 
610 1 |a базы данных 
700 1 |a Чернышёва  |b Т. Ю.  |c специалист в области информатики и вычислительной техники  |c доцент Юргинского технологического института (филиала) Томского политехнического университета, кандидат технических наук  |f 1974-  |g Татьяна Юрьевна  |2 stltpush  |3 (RuTPU)RU\TPU\pers\25981  |9 11830 
701 1 |a Соколовский  |b Д. Е. 
712 0 2 |a Национальный исследовательский Томский политехнический университет (ТПУ)  |b Юргинский технологический институт (филиал) (ЮТИ)  |b Отделение цифровых технологий (ОЦТ)  |h 8375  |2 stltpush  |3 (RuTPU)RU\TPU\col\24718 
801 2 |a RU  |b 63413507  |c 20181206  |g RCR 
856 4 |u http://earchive.tpu.ru/handle/11683/51974 
942 |c BK